Southville International School and Colleges
Your cart is empty.
  • Cart
  • Lists
    Public lists Eva Luna New books Lux_list list_1
    Your lists Log in to create your own lists
  • Log in to your account
  • Your cookies
  • Search history
Southville International School and Colleges
  • Advanced search
  • Recent comments
  • Most popular
  • Libraries

Log in to your account

Log in with GOOGLE


If you do not have an external account, but do have a local account, you can still log in:

  1. Home
  2. MARC view: Ugly duckling (The) /
Normal view MARC view ISBD view

Ugly duckling (The) / (Record no. 111808)

[ view plain ]
MARC details
000 -LEADER
fixed length control field 00421nam a2200169 a 4500
001 - CONTROL NUMBER
control field 0492
005 - DATE AND TIME OF LATEST TRANSACTION
control field 20140414131922.0
008 - FIXED-LENGTH DATA ELEMENTS--GENERAL INFORMATION
fixed length control field 040117s19uu xx 00 eng d
020 ## - INTERNATIONAL STANDARD BOOK NUMBER
International Standard Book Number 0-7214-1547-4
050 ## - LIBRARY OF CONGRESS CALL NUMBER
Classification number ER
Item number Ug6 1993
100 ## - MAIN ENTRY--PERSONAL NAME
Personal name Stone, Petula
245 ## - TITLE STATEMENT
Title Ugly duckling (The) /
Statement of responsibility, etc Petula Stone.
260 ## - PUBLICATION, DISTRIBUTION, ETC. (IMPRINT)
Place of publication, distribution, etc U.S.A :
Name of publisher, distributor, etc Ladybird,
Date of publication, distribution, etc 1993.
300 ## - PHYSICAL DESCRIPTION
Extent p. ; cm.
440 ## - SERIES STATEMENT/ADDED ENTRY--TITLE
Title Favourite Tales
Holdings
Withdrawn status Lost status Damaged status Use restrictions Home library Current library Shelving location Date acquired Source of acquisition Total Checkouts Full call number Barcode Date last seen Price effective from Koha item type
        Munich Library Munich Library Easy Reading Section 01/17/2004     ER Ug6 1993 M2710 04/14/2014 04/14/2014 Books

Ugly duckling (The) /

APA

Stone P., . (1993). Ugly duckling (The). U.S.A: Ladybird.

Chicago

Stone Petula, . 1993. Ugly duckling (The). U.S.A: Ladybird.

Harvard

Stone P., . (1993). Ugly duckling (The). U.S.A: Ladybird.

MLA

Stone Petula, . Ugly duckling (The). U.S.A: Ladybird. 1993.

  • Place hold
  • Print
  • Cite
  • Add to your cart (remove)
  • Save record
    BIBTEX Dublin Core MARCXML MARC (non-Unicode/MARC-8) MARC (Unicode/UTF-8) MARC (Unicode/UTF-8, Standard) MODS (XML) RIS
  • More searches
    Search for this title in:
    Other Libraries (WorldCat) Other Databases (Google Scholar) Online Stores (Bookfinder.com) Open Library (openlibrary.org)

Exporting to Dublin Core...

SOUTHVILLE LIBRARY

Southville International School and Colleges Library

1281 Tropical Ave. Cor. Luxembourg St., BF Homes International, Las Pinas City

Tel. No. 8256374 / 252358 Loc. 117/146

Powered by Koha